"Of Something" Geography #2 - Statistics

General Stats
  • This quiz has been taken 41 times
  • The average score is 10 of 20
Answer Stats
Hint Answer % Correct
1) Massive stone wall stretching over 13000miles across China Great Wall of China
100%
2) This monument was a gift from France tothe US, now a symbol of New York City Statue of Liberty
97%
3) Body of water to the west of Florida Gulf of Mexico
92%
6) Japan is often called this because of the sunrise Land of the Rising Sun
74%
19) Failed US invasion of Cuba in April 1961 to overthrowCastros regime Bay of Pigs
69%
12) This document officially ended WW1 in June 1919 Treaty of Versailles
62%
17) Connecting bay off the coast of western Franceand northern Spain Bay of Biscay
59%
5) Crown dependency between the UK and Ireland Isle of Man
59%
9) English version Tierra Del Fuego, southernArgentina Land of Fire
59%
4) This waterway marks the entrance to the Mediterranean Sea Strait of Gibraltar
56%
16) Open bay between Nova Scotia and New Brunswick,Canada with the worlds highest tides Bay of Fundy
49%
8) Shrine on Al Aqsa mosque on Temple Mountin Jerusalem Dome of the Rock
41%
7) Massive pillars that stand on cliffs in the answer to #4 Pillars of Hercules
38%
15) Body of water in between Baja California andMexico Gulf of California
36%
20) Large gulf opening to the Pacific Ocean off the southern coast of Alaska Gulf of Alaska
33%
13) Massive burning methane gas pit in the middleof the Turkmenistan desert Gates of Hell
31%
10) Translation of Dar Es Salaam, Tanzania House of Peace
21%
18) Large lake on the northern Minnesota border of Ontario and Manitoba Lake of the Woods
21%
11) The oldest hall of the British Parliament inLondon Palace of Westminster
15%
14) Lesotho is also called this, due to the entire kingdom being above 1400 ft Kingdom of the Sky
5%
No matching quizzes found
Score Distribution
Percent of People with Each Score
Percentile by Number Answered
Your Score History
You have not taken this quiz